PRACTICAL CLINICAL BIOCHEMISTRY (Record no. 26407)

MARC details
000 -LEADER
fixed length control field 00400nam a22001697a 4500
003 - CONTROL NUMBER IDENTIFIER
control field SGT
020 ## - INTERNATIONAL STANDARD BOOK NUMBER
International Standard Book Number 8123909691
082 ## - DEWEY DECIMAL CLASSIFICATION NUMBER
Classification number 612.015
Item number P05V
100 ## - MAIN ENTRY--PERSONAL NAME
Personal name VARLEY, HAROLD
245 ## - TITLE STATEMENT
Title PRACTICAL CLINICAL BIOCHEMISTRY
250 ## - EDITION STATEMENT
Edition statement 4TH
260 ## - PUBLICATION, DISTRIBUTION, ETC. (IMPRINT)
Place of publication, distribution, etc NEW DELHI
Name of publisher, distributor, etc CBS PUBLISHER
Year of Publication 2005
300 ## - PAGE DESCRIPTION
No. of Pages 802
650 ## - SUBJECT ADDED ENTRY--TOPICAL TERM
Topical term or geographic name as entry element BIOCHEMISTRY
653 ## - KEYWORDS--INDEX TERM
Keyword term PRACTICAL, CLINICAL, BIOCHEMISTRY
942 ## - ADDED ENTRY ELEMENTS (KOHA)
Source of classification or shelving scheme Dewey Decimal Classification
Koha item type Books
942 ## - ADDED ENTRY ELEMENTS (KOHA)
-- 1
Holdings
Withdrawn status Lost status Source of classification or shelving scheme Damaged status Use restrictions Not for loan Collection code Home library Current library Shelving location Date acquired Vendor Name Cost, normal purchase price SGTU Bill Number Full call number Accession No. (Barcode) Date last seen Bill Date Koha item type Total Checkouts Date last borrowed
    Dewey Decimal Classification   Restricted Access   PHARMACY SGT FA-FP Library SGT FA-FP Library Reference Book 27/05/2024 AHUJA PUBLICATION 695.00 SGTU 18906 612.015 P05V FP4710 27/05/2024 08/05/2024 Books    
    Dewey Decimal Classification       PHARMACY SGT FA-FP Library SGT FA-FP Library Text Book 27/05/2024 AHUJA PUBLICATION 695.00 SGTU 18906 612.015 P05V FP4711 27/05/2024 08/05/2024 Books    
    Dewey Decimal Classification       PHARMACY SGT FA-FP Library SGT FA-FP Library Text Book 27/05/2024 AHUJA PUBLICATION 695.00 SGTU 18906 612.015 P05V FP4712 24/06/2024 08/05/2024 Books 1 24/06/2024